| 000 | 00437nam a2200181Ia 4500 | ||
|---|---|---|---|
| 005 | 20240823062541.0 | ||
| 008 | 240823s9999||||xx |||||||||||||| ||und|| | ||
| 041 | _aENGLISH | ||
| 082 | _A501 L2 | ||
| 100 | _aSarvepalli Radhakrishnan | ||
| 245 | 2 | _aA Source Book in Indian Philosophy | |
| 250 | _a1st | ||
| 260 |
_c1957 _b"Princeton,New " |
||
| 500 | _aYES | ||
| 650 |
_aGeneral Studies _bGeneral |
||
| 942 | _cBK | ||
| 999 |
_c236141 _d236141 |
||